Modelovanie rozloženej tepelnej sústavy na báze metódy konečných prvkov a doprednej neurónovej siete

Salvato in:
Dettagli Bibliografici
Autore principale: Vinkler, Petra (Autore)
Altri autori: Végh, Peter (Relatore della tesi)
Natura: Manoscritto Libro
Lingua:slovacco
Pubblicazione: 2018
Soggetti:
Accesso online:http://is.stuba.sk/zp/portal_zp.pl?podrobnosti=138198
Tags: Aggiungi Tag
Nessun Tag, puoi essere il primo ad aggiungerne!!

MARC

LEADER 00000ntm a22000003a 4500
001 stuzp67762
003 SK-STU
005 20180820155216.1
007 ta
008 150427s2015----xo-----f-mn---000-0-slo-d
040 |a STU  |b slo 
041 0 |a slo 
100 1 |a Vinkler, Petra  |u 020020  |4 aut  |U SjF Strojnícka fakulta  |T SjF Ústav automatizácie, merania a aplikovanej informatiky  |X 56470  |U J0020  |Y 802  |7 56470 
242 0 1 |a Modeling of the distributed thermal system based on the finite element method and the feedforward neural network  |y eng 
245 1 0 |a Modelovanie rozloženej tepelnej sústavy na báze metódy konečných prvkov a doprednej neurónovej siete 
260 |c 2018 
650 4 |a parciálna diferenciálna rovnica  |2 slo 
650 4 |a metóda konečných prvkov  |2 slo 
650 4 |a dopredná neurónová sieť so spätným šírením chyby  |2 slo 
650 4 |a architektúra neurónovej siete  |2 slo 
650 4 |a modelovanie dynamiky rozloženej tepelnej sústavy  |2 slo 
650 4 |a modeling of distributed thermal system dynamics  |2 eng 
650 4 |a partial differential equation  |2 eng 
650 4 |a finite element method  |2 eng 
650 4 |a feedforward neural network with backward propagation of errors  |2 eng 
650 4 |a neural network architecture  |2 eng 
700 1 |a Végh, Peter  |u 020020  |k Z1  |4 ths  |U SjF Strojnícka fakulta  |T SjF Ústav automatizácie, merania a aplikovanej informatiky  |X 2327  |U J0020  |Y 802  |7 A000002327 
856 4 |u http://is.stuba.sk/zp/portal_zp.pl?podrobnosti=138198